000 00984nam0a22002651 4500
001 RU\NLR\INFOCOMM6\1000363834
005 20250616232335.0
035 _a(NLR Aleph) 002275947
090 _a3996569
_c3996569
100 _a20031202d1856 |||y0rusy50 ca
101 0 _arus
102 _aRU
105 _ay |||||||||
200 1 _aРусский библиографический указатель за 1855 год
_fЛамбин, П.П.
210 _aСПб.
_d1856
309 _aПрипл.
422 1 _12001#$aИзвестия Академии наук по Отделению русского языка и словесности
_1311##$a1856 к т.5
_tИзвестия Академии наук по Отделению русского языка и словесности
700 1 _aЛамбин
_bП.П.
_4070
801 1 _aRU
_bInfoComm
_c20031202
801 0 _aRU
_bNLR
_gPSBO
852 _aNLR
_j1/446
942 _cBOOK
980 _aNB
980 _aRUSPER